000 00655nam a2200253Ia 4500
001 33915
005 20240114001707.0
007 ta
008 070106s1959 g b000 u 465 u
040 _aCotton College,Assam
041 _a465
082 _a491.2
_bG 586 F
100 _aGonda, J..
245 0 _aFour Studies in the Language of the Veda /
_cJ.Gonda.
_hTextual Documents
250 _a1st ed. /
260 _aNetherlands :
_bMouton & Co. ,
_c1959.
300 _a194p. ;
_c22cm.
653 _aLanguages-Veda
653 _aVeda-Language
653 _aG-Languages
942 _2ddc
_cBK
999 _c33897
_d33897